000 02522nam a2200373 i 4500
001 161300
003 ES-MaACL
005 20250921063036.0
008 011205m18881889sp |||| | spa d
040 _cES-MaACL
080 _a008(460)"18"
100 1 _aPalau y Catalá, Melchor de,
_d1843-1910
_eaut
_9130794
245 1 0 _aAcontecimientos literarios, 1888 /
_cMelchor de Palau.
260 _aMadrid :
_bLibrería de D. A. de San Martín,
_c1888-1889
_f(Tip. de Manuel G. Hernández)
300 _a3 v. (96 páginas) ;
_c24 cm.
505 8 _aCuaderno 1º: Prólogo ; Entierro de D. Manuel Fernández y González ; Velada literaria en el Ateneo de Madrid por el poeta D. José Zorrilla ; El ciego de Buenavista, de D. Eduardo Bustillo ; Índice de obras literarias publicadas en 1888 -- Cuaderno 2º: La mujer de César ; Muerte de D. Carlos Coello ; Incendio del Teatro de Variedades ; El suicidio de Werther ; Mallorca cristiana ; Índice de obras notables publicadas en 1888 (cont.) -- Cuaderno 3º: Misa de réquiem en las Trinitarias ; El licenciado Torralba, poema de D. Ramón de Campoamor ; Mar y cel, tragedia de D. Ángel Guimerá, traducida por D Enrique Gaspar ; Índice de obras notables publicadas en 1888 (cont.)
530 _aDisponible en formato digital
597 _aPaginación continua
600 1 4 _aFernández y González, Manuel,
_d1821-1888
_950183
600 1 4 _aZorrilla, José,
_d1817-1893
_9118354
600 1 4 _aCoello, Carlos.
_939456
600 1 4 _aCampoamor, Ramón de,
_d1817-1901-
_xCrítica e interpretación
_934234
600 1 4 _aGuimerá, Ángel,
_d1845-1924-
_xCrítica e interpretación
_960845
610 2 4 _aAteneo de Madrid-
_vVeladas literarias.
_91935
651 4 _aEspaña-
_xVida intelectual-
_yS.XIX.
_9138445
740 0 2 _aVelada literaria en el Ateneo de Madrid por el poeta D. José Zorrilla.
852 4 _aES-MaACL
_cDEPOF
_jT-1114-F-3-5
_xHolandesa conservando cub. original
_xEnc. en un vol. facticio
856 4 _uhttp://bdh-rd.bne.es/viewer.vm?id=0000096589&page=1
_yVersión en línea
_z(Biblioteca Digital Hispánica)
_z(Cuaderno 1)
856 4 _uhttp://bdh-rd.bne.es/viewer.vm?id=0000192929&page=1
_yVersión en línea
_z(Biblioteca Digital Hispánica)
_z(Cuaderno 3)
856 4 _uhttps://bibliotecadigital.jcyl.es/es/consulta/registro.do?id=2335
_yVersión en línea
_z(Biblioteca Digital de Castilla y León)
_z(Cuadernos 1-2)
942 _cFOLLETOS
_n0
999 _c161300
_d161300